Music Quiz

Random Music or Lyrics Quiz

Lyrics to Two Door Cinema Club's 'What You Know' Quiz Stats

 Plays Quiz not verified by Sporcle

Score 0/181 Timer 10:00
0 Plays Today
% Correct
I
98.9%
I
98.9%
I
98.9%
I
98.9%
I
98.9%
I
98.9%
I
98.9%
I
98.9%
I
98.9%
I
98.9%
I
98.9%
I
98.9%
I
98.9%
what
98.4%
what
98.4%
what
98.4%
what
98.4%
what
98.4%
you
98.3%
You
98.3%
You
98.3%
you
98.3%
you
98.3%
you
98.3%
you
98.3%
You
98.3%
You
98.3%
you
98.3%
a
96.9%
know
96.5%
know
96.5%
know
96.5%
it
96%
it
96%
it
96%
it
96%
it
96%
it
96%
be
95.9%
be
95.9%
be
95.9%
be
95.9%
To
95.8%
to
95.8%
to
95.8%
to
95.8%
to
95.8%
To
95.8%
to
95.8%
to
95.8%
to
95.8%
to
95.8%
to
95.8%
can
95.7%
can
95.7%
can
95.7%
can
95.7%
time
95.6%
time
95.6%
time
95.6%
time
95.6%
% Correct
time
95.6%
time
95.6%
want
94.4%
want
94.4%
want
94.4%
want
94.4%
want
94.4%
want
94.4%
want
94.4%
the
93.6%
the
93.5%
the
93.5%
the
93.5%
the
93.5%
the
93.5%
the
93.5%
the
93.5%
do
93.4%
And
93.3%
And
93.3%
And
93.3%
And
93.3%
And
93.3%
And
93.3%
it's
92.7%
it's
92.7%
it's
92.7%
It's
92.7%
it's
92.7%
it's
92.7%
don't
91.8%
don't
91.8%
don't
91.8%
don't
91.8%
alone
91.5%
alone
91.5%
alone
91.5%
alone
91.5%
tell
90.3%
tell
90.3%
whole
90.1%
whole
90.1%
whole
90.1%
whole
90.1%
just
89.7%
Just
89.7%
just
89.7%
my
88.6%
my
88.6%
my
88.6%
you've
88.6%
you've
88.6%
you've
88.6%
you've
88.6%
will
88.3%
right
88.3%
right
88.3%
known
88.3%
known
88.3%
will
88.3%
known
88.3%
% Correct
known
88.3%
eyes
88.2%
eyes
88.2%
In
88%
before
87.6%
before
87.6%
few
87.5%
weeks
86.7%
get
86.7%
realize
86.7%
get
86.7%
say
86.1%
say
86.1%
Yeah
84.4%
Yeah
84.4%
But
83.2%
But
83.2%
if
79.9%
sweet
79.6%
no
78.2%
is
77.9%
take
77.5%
am
77%
Am
77%
beginning
76.9%
This
76.8%
starting
75.8%
have
75.7%
have
75.7%
taste
74.3%
feel
74%
can't
73.9%
can't
73.9%
like
73.4%
leaving
73.2%
year
71.8%
questions
70.8%
next
70.3%
Maybe
70.2%
try
70.1%
try
70.1%
I'll
69.5%
address
68.8%
one
68%
fire?
67.4%
not
67.3%
think
67.2%
remember
67.1%
best
66.7%
about
66.5%
there
66%
I'm
64.1%
Why
64.1%
could
63.8%
anything?
63.3%
stop
62.6%
test
61.1%
wouldn't
58.2%
attained
49.2%

You're not logged in!

Compare scores with friends on all Sporcle quizzes.
OR
Log In

You Might Also Like...

Show Comments

Extras

Top Quizzes Today


Score Distribution

Your Account Isn't Verified!

In order to create a playlist on Sporcle, you need to verify the email address you used during registration. Go to your Sporcle Settings to finish the process.

Report this User

Report this user for behavior that violates our Community Guidelines.

Details: